| 000 | 00864cam a2200253 4500 | ||
|---|---|---|---|
| 001 | 6878 | ||
| 003 | BD-RjUL | ||
| 005 | 20211208234330.0 | ||
| 008 | 120114s1946 nyua b 000 0 eng | ||
| 035 | _a(BD-RjUL)6920 | ||
| 040 |
_aDLC _cDLC _dDLC _dBD-RjUL _beng |
||
| 041 | _aeng | ||
| 082 | 0 | 0 |
_a507.1173 _218 _bHOS 1946 |
| 100 | 1 |
_aHornberger, Theodore, _d1906-1975. _921602 |
|
| 245 | 1 | 0 |
_aScientific thought in the American colleges, 1638-1800. / _cTheodore Hornberger. |
| 260 |
_aAustin : _b University of Texas Press, _cc1946. |
||
| 300 |
_a108 p. ; _billus. ; _c22 cm. |
||
| 504 | _aBibliographical references included in "Notes" (p. [89]-103) | ||
| 650 | 0 |
_aScience _xStudy and teaching (Higher) _zUnited States. _921603 |
|
| 650 | 0 |
_aUniversities and colleges _zUnited States. _916733 |
|
| 942 |
_2ddc _cBK |
||
| 999 |
_c6878 _d6878 |
||